00624nam a2200181Ia 4500001001000000003000500010008004100015010001100056040000900067082001400076100003000090245014100120260005400261300001100315650005600326650004400382710001600426Para_2022CHAP220125s1996 xx 000 0 und d a200598 cCHAP aPA 630 A5 aAndrés Agustín, Jorge aLa producción agropecuaría y forestal de la región de Cotija. Los Reyes, Michoacán /c por Jorge Andrés Agustín...[y otros] aChapingo, Méx.; Morelia, Mich. :b UACh; CRUCO a223 p. aCultivos x rendimientos x Los Reyes, Michoacán  aForestación x Los Reyes, Michoacán aUACh. CRUCO